000 00295nam a22001337a 4500
008 170831b xxu||||| |||| 00| 0 eng d
020 _a9780077368791
041 _aeng
080 _23RD
_a070
100 _a40
101 _aMED
245 _aA WRITER'S RESOURCES
_cMAIMON,E.P
942 _2udc
_cBK
999 _c25851
_d25851